000 00463nam a2200205Ia 4500
003 OSt
005 20221005120724.0
006 a|||||r|||| 00| 0
007 ta
008 221004b |||||||| |||| 00| 0 eng d
024 _a115067
037 _cTextual
040 _aCRL
_cCRL
_beng
041 _2eng
_aeng
100 _aSaxena H C
245 0 _aExample in statistics
260 _c1981
942 _cTEXL
_2cc
999 _c1038945
_d1038945